Airlines Serving the Airports of Saudi Arabia - Statistics

General Stats
  • This quiz has been taken 138 times
  • The average score is 40 of 85
Answer Stats
Airports Airlines % Correct
DMM | JED | MED | RUH Emirates
94%
ABT | AHB | AJF | AQI | BHH | DMM | DWD | EAM | EJH | ELQ | GIZ | HAS | HOF | JED | MED | NUM | RAE | RAH | RUH | SHW | TIF | TUI | TUU | ULH | URY | WAE | YNB Saudia
94%
DMM | JED | MED | RUH Etihad Airways
88%
TUU Qatar Airways
88%
DMM | ELQ | JED | MED | RUH | TIF | YNB Turkish Airlines
86%
AHB | DMM | ELQ | JED | MED | RUH EgyptAir
83%
DMM | JED | MED | RUH Air India
82%
DMM | RUH Air India Express
82%
JED | RUH British Airways
81%
DMM | JED | MED | RUH Ethiopian Airlines
81%
DMM | JED | MED | RUH Oman Air
81%
JED | MED Air China
77%
DMM | RUH Lufthansa
76%
DMM | JED | MED | RUH | TIF Pakistan International Airlines
76%
DMM | ELQ | JED | MED | RUH Gulf Air
75%
DMM | ELQ | JED | MED | RUH Kuwait Airways
75%
DMM | JED | MED | RUH Royal Jordanian
75%
JED | MED Iran Air
74%
JED | MED Malaysia Airlines
73%
AHB | AJF | DMM | EAM | ELQ | GIZ | HAS | JED | MED | RUH | TIF | YNB Air Arabia
70%
DMM | ELQ | JED | RUH | TIF | TUU | YNB Air Arabia Egypt
70%
JED | MED Iraqi Airways
70%
JED | MED | RUH Royal Air Maroc
70%
DMM | JED | RUH IndiGo
69%
JED | MED Garuda Indonesia
68%
DMM | RUH KLM
68%
JED | MED Thai Airways
67%
AHB | AJF | DMM | EAM | ELQ | HAS | HOF | JED | MED | RUH | TIF | TUU flydubai
66%
JED Air Algérie
65%
JED | MED Tunisair
65%
JED | RUH Aegean Airlines
64%
DMM | JED | MED | RUH Biman Bangladesh Airlines
63%
DMM | JED | MED | RUH Middle East Airlines
63%
MED China Southern Airlines
57%
ABT | AHB | AJF | BHH | DMM | ELQ | GIZ | HAS | HOF | JED | MED | RAE | RUH | SHW | TIF | TUU | URY | WAE | YNB Flynas
56%
ELQ | JED AZAL Azerbaijan Airlines
52%
DMM | JED | RUH SriLankan Airlines
52%
DMM | RUH Philippine Airlines
50%
JED Turkmenistan Airlines
50%
JED Yemenia
50%
JED | MED AirAsia X
47%
JED | MED | RUH SpiceJet
47%
JED | MED Uzbekistan Airways
47%
DMM | JED | MED | RUH Pegasus
45%
JED | RUH Sudan Airways
43%
AHB | DMM | JED | RUH | TIF Jazeera Airways
42%
JED Libyan Airlines
42%
JED Ariana Afghan Airlines
40%
JED | MED | RUH | YNB Air Cairo
39%
JED | MED Lion Air
38%
AHB | DMM | ELQ | GIZ | JED | RUH | TIF | TUU | YNB flyadeal
35%
JED Royal Brunei Airlines
32%
JED | RUH Airblue
30%
DMM | JED | MED | RUH | TIF SalamAir
28%
JED SyrianAir
28%
JED Eritrean Airlines
27%
DMM | JED | MED | RUH AnadoluJet
26%
JED Kam Air
26%
JED Scoot
25%
DMM GoAir
24%
JED Batik Air
23%
JED Afriqiyah Airways
22%
JED Citilink
20%
AHB | AJF | ELQ | GIZ | HAS | JED | TIF | TUU | YNB Nile Air
20%
DMM SunExpress
20%
AHB | DMM | JED | MED | RUH SaudiGulf Airlines
19%
ELQ | TIF | YNB AlMasria Universal Airlines
18%
AHB | AJF | AQI | ELQ | GIZ | HAS | JED | MED | RAE | RAH | RUH | TIF | TUI | TUU | URY | YNB Nesma Airlines
18%
JED | MED Qeshm Airlines
18%
JED | MED SCAT
18%
DMM | JED | RUH Tarco Air
18%
JED | MED UTair Aviation
17%
JED Daalo Airlines
16%
JED | YNB FlyEgypt
16%
DMM Himalaya Airlines
16%
DMM Regent Airways
16%
JED Jet2
15%
JED Jubba Airways
15%
DMM | RUH Buta Airways
14%
ELQ | HAS | JED | RUH FlyBosnia
14%
JED Libyan Wings
14%
JED Nordwind Airlines
14%
JED Palestinian Airlines
14%
JED Kabo Air
13%
JED Max Air
13%
No matching quizzes found
Score Distribution
Percent of People with Each Score
Percentile by Number Answered
Your Score History
You have not taken this quiz